000
00312nam a2200121Ia 4500
008
150731s2009 xx 000 0 und d
082
_a
615.53
_b
R 09 R
100
_a
RAO, MARTHA BHASKAR
245
_a
RECENT ADUANCES IN KSARASUTRA
260
_b
CHAUKHAMBHA PUB. NEW DELHI
_c
2009
300
_a
357
942
_2
ddc
_c
BK
999
_c
7915
_d
7915